| 000 | 00407nam a2200157Ia 4500 | ||
|---|---|---|---|
| 008 | 191130s2001##################000#0#eng## | ||
| 020 | _a9781861972699 | ||
| 040 |
_aACL _cACL |
||
| 082 | _a650.01513 ECO | ||
| 245 |
_aNumbers guide _cThe Economist |
||
| 250 | _a4th ed | ||
| 260 |
_aNew Delhi _bProfile Books Ltd _c2001 |
||
| 990 | _acab380eeac10000c41b08ab270363af8 | ||
| 991 | _a361638 | ||
| 999 |
_c24311 _d24311 |
||